[Event "Usti nad Labem rapid op"]
[Site "Usti nad Labem"]
[Date "2023.05.06"]
[Round "4"]
[White "Goc, Vlastimil"]
[Black "Kozak, Milos"]
[Result "0-1"]
[WhiteElo "1920"]
[BlackElo "2085"]
[PlyCount "96"]
[EventDate "2023.05.06"]
[EventType "swiss (rapid)"]
[EventRounds "7"]
[EventCountry "CZE"]
[SourceTitle "CBM 214 Extra"]
[Source "ChessBase"]
[SourceDate "2023.07.31"]
[SourceVersion "1"]
[SourceVersionDate "2023.07.31"]
[SourceQuality "1"]

1. d4 Nf6 2. Bf4 d5 3. e3 c5 4. Nf3 Nc6 5. Nbd2 cxd4 6. exd4 Bf5 7. c3 e6 8. Be2 Be7 9. 0-0 0-0 10. Ne5 Nxe5 11. dxe5 Ne4 12. Nf3 Qb6 13. Qb3 Bc5 14. Qxb6 Bxb6 15. Nd4 Bg6 16. Rac1 Rfc8 17. Be3 a6 18. f4 Re8 19. g4 f5 20. Kg2 Bxd4 21. Bxd4 fxg4 22. Bxg4 Bf5 23. Bxf5 exf5 24. Rcd1 Re6 25. Kf3 Rh6 26. Bg1 Rd8 27. c4 d4 28. Rxd4 Rxd4 29. Bxd4 Rxh2 30. Rd1 Kf7 31. Be3 Rxb2 32. Rd7+ Kg6 33. e6 Rxa2 34. Rxb7 Ra3 35. Ke2 Nd6 36. Rc7 Kf6 37. Bc5 Ra2+ 38. Kd3 Ne4 39. e7 Nxc5+ 40. Rxc5 Kxe7 41. Rxf5 Ke6 42. Re5+ Kd6 43. Rd5+ Kc6 44. Rg5 g6 45. Kd4 Rd2+ 46. Ke3 Rd7 47. Ra5 Kb6 48. Ke4 Kxa5 0-1

[Event "CZE-chT2B 2223"]
[Site "Czech Republic"]
[Date "2022.12.18"]
[Round "5.3"]
[White "Soukup, Jiri"]
[Black "Kozak, Milos"]
[Result "1/2-1/2"]
[WhiteElo "2356"]
[BlackElo "2057"]
[PlyCount "34"]
[EventDate "2022.10.16"]
[EventType "team-tourn"]
[EventRounds "11"]
[EventCountry "CZE"]
[SourceTitle "EXT 2024"]
[Source "ChessBase"]
[SourceDate "2023.10.10"]
[SourceVersion "1"]
[SourceVersionDate "2023.10.10"]
[SourceQuality "1"]
[WhiteTeam "Karlovy Vary Tietz"]
[BlackTeam "Litomerice II"]
[WhiteTeamCountry "CZE"]
[BlackTeamCountry "CZE"]

1. e4 c6 2. d4 d5 3. Nc3 dxe4 4. Nxe4 Nf6 5. Nxf6+ exf6 6. Nf3 Bd6 7. Bd3 0-0 8. 0-0 Re8 9. h3 Nd7 10. c4 Nf8 11. Qc2 Be6 12. Nh4 g6 13. f4 Bc7 14. Nf3 Bb6 15. Qf2 Qd7 16. g4 Rad8 17. Be3 Bxg4 1/2-1/2

[Event "CZE-chT2B 2223"]
[Site "Czech Republic"]
[Date "2022.12.04"]
[Round "4.5"]
[White "Kozak, Milos"]
[Black "Bystritskiy, Daniil"]
[Result "0-1"]
[WhiteElo "2057"]
[BlackElo "1944"]
[PlyCount "76"]
[EventDate "2022.10.16"]
[EventType "team-tourn"]
[EventRounds "11"]
[EventCountry "CZE"]
[SourceTitle "EXT 2024"]
[Source "ChessBase"]
[SourceDate "2023.10.10"]
[SourceVersion "1"]
[SourceVersionDate "2023.10.10"]
[SourceQuality "1"]
[WhiteTeam "Litomerice II"]
[BlackTeam "Aurora"]
[WhiteTeamCountry "CZE"]
[BlackTeamCountry "CZE"]

1. d4 Nf6 2. c4 e6 3. g3 d5 4. Nf3 dxc4 5. Bg2 Bd7 6. Ne5 Bc6 7. Nxc6 Nxc6 8. 0-0 Qd7 9. e3 0-0-0 10. Qa4 Nd5 11. Qxc4 h5 12. Bd2 h4 13. Rc1 hxg3 14. hxg3 f5 15. b4 g5 16. b5 Nce7 17. Nc3 f4 18. gxf4 gxf4 19. e4 Nb6 20. Qd3 Ng6 21. Ne2 Qh7 22. a4 Bd6 23. a5 f3 24. Qxf3 Nh4 25. Qh3 Rdg8 26. Qxe6+ Nd7 27. Ng3 Bxg3 28. fxg3 Nxg2 29. Qd6 Qh2+ 30. Kf1 Rf8+ 31. Bf4 Ne3+ 32. Ke1 Nc2+ 33. Kd1 Qh5+ 34. Kxc2 cxd6 35. Kb3+ Kd8 36. Kb4 Rxf4 37. gxf4 a6 38. e5 Qe2 0-1

[Event "CZE-chT2B 2223"]
[Site "Czech Republic"]
[Date "2022.11.20"]
[Round "3.4"]
[White "Kozak, Milos"]
[Black "Sindler, Michal"]
[Result "1/2-1/2"]
[WhiteElo "2058"]
[BlackElo "2118"]
[PlyCount "41"]
[EventDate "2022.10.16"]
[EventType "team-tourn"]
[EventRounds "11"]
[EventCountry "CZE"]
[SourceTitle "EXT 2024"]
[Source "ChessBase"]
[SourceDate "2023.10.10"]
[SourceVersion "1"]
[SourceVersionDate "2023.10.10"]
[SourceQuality "1"]
[WhiteTeam "Litomerice II"]
[BlackTeam "Pankrac II"]
[WhiteTeamCountry "CZE"]
[BlackTeamCountry "CZE"]

1. d4 Nf6 2. c4 g6 3. g3 Bg7 4. Bg2 0-0 5. Nc3 d6 6. Nf3 Nc6 7. 0-0 e5 8. dxe5 dxe5 9. Bg5 Be6 10. Qa4 Qc8 11. Rfd1 Nd7 12. Nd5 Nb6 13. Qc2 h6 14. Be3 Rd8 15. Nxb6 axb6 16. Rxd8+ Qxd8 17. Rd1 Qc8 18. a3 Ne7 19. Bc1 Nf5 20. b3 Nd6 21. Nd2 1/2-1/2

[Event "CZE-chT2B 2223"]
[Site "Czech Republic"]
[Date "2022.11.06"]
[Round "2.4"]
[White "Skypala, Ondrej"]
[Black "Kozak, Milos"]
[Result "1-0"]
[WhiteElo "2161"]
[BlackElo "2064"]
[PlyCount "75"]
[EventDate "2022.10.16"]
[EventType "team-tourn"]
[EventRounds "11"]
[EventCountry "CZE"]
[SourceTitle "EXT 2024"]
[Source "ChessBase"]
[SourceDate "2023.10.10"]
[SourceVersion "1"]
[SourceVersionDate "2023.10.10"]
[SourceQuality "1"]
[WhiteTeam "Kobylisy"]
[BlackTeam "Litomerice II"]
[WhiteTeamCountry "CZE"]
[BlackTeamCountry "CZE"]

1. c4 e6 2. g3 d5 3. Bg2 Nf6 4. Nf3 d4 5. 0-0 Nc6 6. d3 Bc5 7. e4 e5 8. Nh4 g6 9. f4 Ng4 10. Nf3 Ne3 11. Bxe3 dxe3 12. Kh1 exf4 13. gxf4 Bg4 14. Nc3 Nd4 15. b4 Bxb4 16. Nd5 e2 17. Qa4+ c6 18. Nxd4 exf1Q+ 19. Rxf1 Be7 20. Nxc6 bxc6 21. Qxc6+ Kf8 22. Nxe7 Kxe7 23. Qc5+ Qd6 24. Qg5+ Qf6 25. Qxg4 Rad8 26. e5 Qb6 27. Qg5+ Ke8 28. Bd5 h6 29. Qg2 Qd4 30. Be4 Rb8 31. e6 Rg8 32. exf7+ Kxf7 33. Bd5+ Kg7 34. f5 g5 35. f6+ Kh8 36. Bxg8 Kxg8 37. Qh3 Kh7 38. Qf5+ 1-0

[Event "CZE-chT1W 2223"]
[Site "Czech Republic"]
[Date "2022.10.30"]
[Round "2.2"]
[White "Kawulok, Marek"]
[Black "Kozak, Milos"]
[Result "1-0"]
[WhiteElo "2153"]
[BlackElo "2058"]
[PlyCount "39"]
[EventDate "2022.10.09"]
[EventType "team-tourn"]
[EventRounds "11"]
[EventCountry "CZE"]
[SourceTitle "CBM 213 Extra"]
[Source "ChessBase"]
[SourceDate "2023.05.31"]
[SourceVersion "1"]
[SourceVersionDate "2023.05.31"]
[SourceQuality "1"]
[WhiteTeam "Praha Oaza II"]
[BlackTeam "Litomerice Slavoj"]
[WhiteTeamCountry "CZE"]
[BlackTeamCountry "CZE"]

1. e4 e5 2. Nf3 Nc6 3. Bc4 Bc5 4. c3 Nf6 5. d4 exd4 6. b4 Bb6 7. e5 d5 8. exf6 dxc4 9. Qe2+ Be6 10. b5 Na5 11. fxg7 Rg8 12. cxd4 Rxg7 13. 0-0 Qd5 14. Nc3 Qh5 15. d5 0-0-0 16. dxe6 Qg4 17. Ng5 Qxe2 18. Nxe2 f6 19. Nf7 Re8 20. Bh6 1-0

[Event "CZE-ch"]
[Site "Usti nad Labem"]
[Date "2022.05.18"]
[Round "5"]
[White "Kozak, Milos"]
[Black "Vojta, Jakub"]
[Result "0-1"]
[WhiteElo "2114"]
[BlackElo "2396"]
[PlyCount "98"]
[EventDate "2022.05.14"]
[EventType "swiss"]
[EventRounds "9"]
[EventCountry "CZE"]
[SourceTitle "CBM 208 Extra"]
[Source "ChessBase"]
[SourceDate "2022.07.31"]
[SourceVersion "1"]
[SourceVersionDate "2022.07.31"]
[SourceQuality "1"]

1. Nf3 Nf6 2. g3 g6 3. Bg2 Bg7 4. c4 0-0 5. d4 d5 6. cxd5 Nxd5 7. 0-0 Nb6 8. Nc3 Nc6 9. e3 Re8 10. h3 e5 11. d5 Na5 12. Qc2 c6 13. b4 Nac4 14. dxc6 bxc6 15. Rd1 Qe7 16. a3 Be6 17. Nd2 Rac8 18. Nxc4 Nxc4 19. Ne4 Bd5 20. Bf1 Nb6 21. Nc5 f5 22. e4 Bf7 23. Bb2 f4 24. gxf4 exf4 25. Bxg7 Kxg7 26. Qc3+ Kh6 27. Qf3 g5 28. Be2 Rcd8 29. Kh1 Bg6 30. Kh2 Qe5 31. Rxd8 Rxd8 32. Rd1 Rxd1 33. Bxd1 Nc4 34. h4 gxh4 35. Qg4 Qf6 36. Kh3 Nxa3 37. Qxh4+ Qxh4+ 38. Kxh4 Nc4 39. f3 Ne5 40. Ne6 Bh5 41. Nd4 Be8 42. Nf5+ Kg6 43. Be2 Bd7 44. Nd4 Bc8 45. Bf1 Kh6 46. Nf5+ Bxf5 47. exf5 Nxf3+ 48. Kg4 Nh2+ 49. Kxf4 Nxf1 0-1

[Event "CZE-ch"]
[Site "Usti nad Labem"]
[Date "2022.05.17"]
[Round "4"]
[White "Sykora, Ondrej"]
[Black "Kozak, Milos"]
[Result "1/2-1/2"]
[WhiteElo "2092"]
[BlackElo "2114"]
[PlyCount "64"]
[EventDate "2022.05.14"]
[EventType "swiss"]
[EventRounds "9"]
[EventCountry "CZE"]
[SourceTitle "CBM 208 Extra"]
[Source "ChessBase"]
[SourceDate "2022.07.31"]
[SourceVersion "1"]
[SourceVersionDate "2022.07.31"]
[SourceQuality "1"]

1. e4 c6 2. d3 d5 3. Nd2 e5 4. Ngf3 Bd6 5. g3 Nf6 6. Bg2 0-0 7. 0-0 Re8 8. Re1 Nbd7 9. c3 a5 10. d4 exd4 11. Nxd4 dxe4 12. Nxe4 Nxe4 13. Rxe4 Rxe4 14. Bxe4 Nf6 15. Bg2 Bg4 16. Qb3 Qc7 17. Be3 h6 18. Re1 Re8 19. a3 Nd7 20. Qc2 Nf6 21. Qc1 Kh7 22. b4 axb4 23. axb4 Qd7 24. Nb3 Be6 25. Rd1 Qc7 26. Nd4 Bg4 27. Re1 Qc8 28. c4 Be5 29. Nf3 Bd6 30. Nd4 Be5 31. Nf3 Bd6 32. Nd4 Be5 1/2-1/2

[Event "EUR-ch Seniors 50"]
[Site "Prague"]
[Date "2021.09.03"]
[Round "5.2"]
[White "Mrva, Martin"]
[Black "Kozak, Milos"]
[Result "1-0"]
[WhiteElo "2387"]
[BlackElo "2103"]
[PlyCount "67"]
[EventDate "2021.08.30"]
[EventType "team-tourn"]
[EventRounds "9"]
[EventCountry "CZE"]
[SourceTitle "CBM 204 Extra"]
[Source "ChessBase"]
[SourceDate "2021.11.30"]
[SourceVersion "1"]
[SourceVersionDate "2021.11.30"]
[SourceQuality "1"]
[WhiteTeam "Slovakia 50"]
[BlackTeam "Litomerice Slavoj 50"]
[WhiteTeamCountry "SVK"]
[BlackTeamCountry "CZE"]

1. e4 c6 2. Nc3 d5 3. Nf3 Bg4 4. h3 Bxf3 5. Qxf3 e6 6. g3 Bc5 7. Bg2 Ne7 8. 0-0 0-0 9. Rb1 a5 10. b3 Na6 11. Bb2 Nb4 12. exd5 exd5 13. Ne2 Qd6 14. d4 Ba7 15. Ba3 Qd7 16. c3 Na6 17. Nf4 Rfe8 18. h4 Bb8 19. Bh3 Qd8 20. h5 Bd6 21. Bc1 h6 22. c4 Nb8 23. c5 Bc7 24. b4 axb4 25. Rxb4 b6 26. cxb6 Bxb6 27. Nd3 Bc7 28. Ne5 Bxe5 29. dxe5 Nd7 30. e6 fxe6 31. Bxe6+ Kh8 32. Bxh6 gxh6 33. Qc3+ Kh7 34. Rg4 1-0

[Event "EUR-ch Seniors 50"]
[Site "Prague"]
[Date "2021.09.01"]
[Round "3.3"]
[White "Beltz, Martina"]
[Black "Kozak, Milos"]
[Result "0-1"]
[WhiteElo "1922"]
[BlackElo "2103"]
[PlyCount "86"]
[EventDate "2021.08.30"]
[EventType "team-tourn"]
[EventRounds "9"]
[EventCountry "CZE"]
[SourceTitle "CBM 204 Extra"]
[Source "ChessBase"]
[SourceDate "2021.11.30"]
[SourceVersion "1"]
[SourceVersionDate "2021.11.30"]
[SourceQuality "1"]
[WhiteTeam "Germany (Women) 50"]
[BlackTeam "Litomerice Slavoj 50"]
[WhiteTeamCountry "GER"]
[BlackTeamCountry "CZE"]

1. d4 d5 2. Nf3 Nf6 3. Bg5 Ne4 4. Bh4 c5 5. e3 Qb6 6. Qc1 cxd4 7. Nxd4 Qh6 8. Bb5+ Nc6 9. Bg3 Nxg3 10. fxg3 Bd7 11. Nc3 e6 12. 0-0 Bc5 13. Bxc6 Bxc6 14. Qe1 0-0 15. Rd1 f5 16. Kh1 Bd7 17. Qd2 Rad8 18. Rde1 Kh8 19. Nf3 Bd6 20. Kg1 Bc5 21. Kh1 Qf6 22. a3 a6 23. Nd4 Qe7 24. Qe2 Ba7 25. Qf3 Qd6 26. Qh5 Rf6 27. Qh4 Rdf8 28. Nf3 Bb8 29. Qd4 Rg6 30. Ne2 Rg4 31. Qd2 Ba7 32. Rd1 Re4 33. Nfd4 e5 34. Nf3 Bc6 35. Ng5 Rxe3 36. c4 Qe7 37. cxd5 Bb5 38. Rfe1 Qxg5 39. d6 Rd8 40. Nc3 Rxe1+ 41. Qxe1 Bd4 42. Nxb5 axb5 43. h4 Qf6 0-1

[Event "EUR-ch Seniors 50"]
[Site "Prague"]
[Date "2021.08.31"]
[Round "2.3"]
[White "Kozak, Milos"]
[Black "Siebenburger, Vlastimil"]
[Result "1/2-1/2"]
[WhiteElo "2103"]
[BlackElo "1975"]
[PlyCount "42"]
[EventDate "2021.08.30"]
[EventType "team-tourn"]
[EventRounds "9"]
[EventCountry "CZE"]
[SourceTitle "CBM 204 Extra"]
[Source "ChessBase"]
[SourceDate "2021.11.30"]
[SourceVersion "1"]
[SourceVersionDate "2021.11.30"]
[SourceQuality "1"]
[WhiteTeam "Litomerice Slavoj 50"]
[BlackTeam "Vysocina KSS 50"]
[WhiteTeamCountry "CZE"]
[BlackTeamCountry "CZE"]

1. d4 d5 2. c4 c6 3. Nf3 Nf6 4. e3 e6 5. Bd3 Nbd7 6. 0-0 Bd6 7. Nc3 e5 8. cxd5 cxd5 9. e4 dxe4 10. Nxe4 Nxe4 11. Bxe4 exd4 12. Nxd4 0-0 13. Bc2 Nf6 14. h3 h6 15. Be3 Qa5 16. Qd3 Rd8 17. Qb5 Bc7 18. Rad1 a6 19. Qxa5 Bxa5 20. Nb3 Bc7 21. Rxd8+ Bxd8 1/2-1/2

[Event "EUR-ch Seniors 50"]
[Site "Prague"]
[Date "2021.08.30"]
[Round "1.3"]
[White "Koblasa, Josef"]
[Black "Kozak, Milos"]
[Result "1/2-1/2"]
[WhiteElo "1929"]
[BlackElo "2103"]
[PlyCount "44"]
[EventDate "2021.08.30"]
[EventType "team-tourn"]
[EventRounds "9"]
[EventCountry "CZE"]
[SourceTitle "CBM 204 Extra"]
[Source "ChessBase"]
[SourceDate "2021.11.30"]
[SourceVersion "1"]
[SourceVersionDate "2021.11.30"]
[SourceQuality "1"]
[WhiteTeam "Udlice Sokol 50"]
[BlackTeam "Litomerice Slavoj 50"]
[WhiteTeamCountry "CZE"]
[BlackTeamCountry "CZE"]

1. c4 e6 2. Nc3 d5 3. cxd5 exd5 4. d4 Nf6 5. Bg5 c6 6. Nf3 Be7 7. e3 Bf5 8. Bd3 Bxd3 9. Qxd3 Nbd7 10. a3 a5 11. 0-0 0-0 12. Rfc1 Ne4 13. Bxe7 Qxe7 14. Nd2 f5 15. f3 Nxd2 16. Qxd2 Rf6 17. Nd1 Nb6 18. b3 a4 19. Qb4 Qxb4 20. axb4 axb3 21. Rxa8+ Nxa8 22. Rb1 Nc7 1/2-1/2

[Event "Ceske Budejovice op-A"]
[Site "Ceske Budejovice"]
[Date "2020.07.05"]
[Round "5"]
[White "Groh, Jiri"]
[Black "Kozak, Milos"]
[Result "1/2-1/2"]
[WhiteElo "1997"]
[BlackElo "2174"]
[PlyCount "81"]
[EventDate "2020.07.01"]
[EventType "swiss"]
[EventRounds "9"]
[EventCountry "CZE"]
[SourceTitle "CBM 197 Extra"]
[Source "ChessBase"]
[SourceDate "2020.09.30"]
[SourceVersion "1"]
[SourceVersionDate "2020.09.30"]
[SourceQuality "1"]

1. Nf3 d5 2. c4 d4 3. e3 Nc6 4. exd4 Nxd4 5. Nxd4 Qxd4 6. d3 Nh6 7. Nc3 c6 8. Be3 Qd8 9. Be2 Nf5 10. 0-0 g6 11. g4 Nd4 12. f4 Bg7 13. Bxd4 Qxd4+ 14. Kg2 f5 15. Bf3 0-0 16. Qe2 fxg4 17. Bxg4 Bxg4 18. Qxg4 Rf5 19. Rf3 Raf8 20. Re1 e5 21. Re4 Qd8 22. Ne2 exf4 23. h4 Qd6 24. b3 h5 25. Qh3 c5 26. Qh1 Be5 27. Qc1 Qf6 28. Qh1 Kh7 29. Qh2 g5 30. hxg5 Qxg5+ 31. Kf2 R8f7 32. Ke1 Qg4 33. Qf2 b6 34. d4 cxd4 35. Nxd4 Bxd4 36. Rxd4 h4 37. Qf1 Qg5 38. Kd2 Qf6 39. Qd3 Kg7 40. Kc2 Re7 41. b4 1/2-1/2

[Event "WchT Seniors 50"]
[Site "Prague"]
[Date "2020.03.11"]
[Round "6.1"]
[White "Kozak, Milos"]
[Black "Sokolin, Leonid M"]
[Result "1/2-1/2"]
[WhiteElo "2174"]
[BlackElo "2496"]
[PlyCount "25"]
[EventDate "2020.03.06"]
[EventType "team-swiss"]
[EventRounds "7"]
[EventCountry "CZE"]
[SourceTitle "CBM 195 Extra"]
[Source "ChessBase"]
[SourceDate "2020.05.31"]
[SourceVersion "1"]
[SourceVersionDate "2020.05.31"]
[SourceQuality "1"]
[WhiteTeam "Czech Republic 50 V"]
[BlackTeam "United States 50 II"]
[WhiteTeamCountry "CZE"]
[BlackTeamCountry "USA"]

1. d4 g6 2. c4 Bg7 3. Nf3 c5 4. d5 f5 5. g3 e5 6. dxe6 dxe6 7. Qxd8+ Kxd8 8. Nc3 Nc6 9. Bd2 Nf6 10. 0-0-0 Ke7 11. Bg2 Bd7 12. Bf4 Rac8 13. Bd6+ 1/2-1/2

[Event "WchT Seniors 50"]
[Site "Prague"]
[Date "2020.03.08"]
[Round "3.9"]
[White "Bretsnajdr, Vladimir"]
[Black "Kozak, Milos"]
[Result "1/2-1/2"]
[WhiteElo "2230"]
[BlackElo "2174"]
[PlyCount "29"]
[EventDate "2020.03.06"]
[EventType "team-swiss"]
[EventRounds "7"]
[EventCountry "CZE"]
[SourceTitle "CBM 195 Extra"]
[Source "ChessBase"]
[SourceDate "2020.05.31"]
[SourceVersion "1"]
[SourceVersionDate "2020.05.31"]
[SourceQuality "1"]
[WhiteTeam "Czech Republic 50 XIII"]
[BlackTeam "Czech Republic 50 V"]
[WhiteTeamCountry "CZE"]
[BlackTeamCountry "CZE"]

1. e4 e5 2. Nf3 Nc6 3. Bb5 a6 4. Ba4 Nf6 5. 0-0 Be7 6. Re1 b5 7. Bb3 d6 8. c3 0-0 9. h3 Re8 10. Ng5 Rf8 11. Nf3 Re8 12. Ng5 Rf8 13. Nf3 Re8 14. Ng5 Rf8 15. Nf3 1/2-1/2

[Event "WchT Seniors 50"]
[Site "Prague"]
[Date "2020.03.07"]
[Round "2.7"]
[White "Kozak, Milos"]
[Black "Schulz, Klaus Juergen"]
[Result "1/2-1/2"]
[WhiteElo "2174"]
[BlackElo "2331"]
[PlyCount "27"]
[EventDate "2020.03.06"]
[EventType "team-swiss"]
[EventRounds "7"]
[EventCountry "CZE"]
[SourceTitle "CBM 195 Extra"]
[Source "ChessBase"]
[SourceDate "2020.05.31"]
[SourceVersion "1"]
[SourceVersionDate "2020.05.31"]
[SourceQuality "1"]
[WhiteTeam "Czech Republic 50 V"]
[BlackTeam "Germany 50 II"]
[WhiteTeamCountry "CZE"]
[BlackTeamCountry "GER"]

1. d4 d5 2. c4 dxc4 3. Nf3 Nf6 4. e3 e6 5. Bxc4 c5 6. 0-0 a6 7. b3 Nc6 8. Bb2 cxd4 9. Nxd4 Nxd4 10. Qxd4 Qxd4 11. Bxd4 Bd7 12. Nd2 Bc6 13. Be2 Bb4 14. Nc4 1/2-1/2

[Event "CZE-chT2B 1920"]
[Site "Czech Republic"]
[Date "2019.12.01"]
[Round "4.3"]
[White "Kozak, Milos"]
[Black "Haman, Jakub"]
[Result "1/2-1/2"]
[WhiteElo "2120"]
[BlackElo "2220"]
[PlyCount "30"]
[EventDate "2019.10.13"]
[EventType "team-tourn"]
[EventRounds "11"]
[EventCountry "CZE"]
[SourceTitle "EXT 2024"]
[Source "ChessBase"]
[SourceDate "2023.10.10"]
[SourceVersion "1"]
[SourceVersionDate "2023.10.10"]
[SourceQuality "1"]
[WhiteTeam "Litomerice"]
[BlackTeam "Kladno"]
[WhiteTeamCountry "CZE"]
[BlackTeamCountry "CZE"]

1. d4 d5 2. c4 dxc4 3. Nf3 Nf6 4. e3 e6 5. Bxc4 a6 6. 0-0 b5 7. Bd3 Bb7 8. a4 b4 9. Nbd2 c5 10. e4 Nc6 11. e5 Nd7 12. Nc4 cxd4 13. Bg5 Qc7 14. Rc1 h6 15. Bh4 Rc8 1/2-1/2

[Event "Klatovy op 27th"]
[Site "Klatovy"]
[Date "2019.07.01"]
[Round "3"]
[White "Kozak, Milos"]
[Black "Vyprachticky, David"]
[Result "1/2-1/2"]
[WhiteElo "2165"]
[BlackElo "2312"]
[PlyCount "43"]
[EventDate "2019.06.29"]
[EventType "swiss"]
[EventRounds "9"]
[EventCountry "CZE"]
[SourceTitle "EXT 2020"]
[Source "ChessBase"]
[SourceDate "2019.10.17"]
[SourceVersion "1"]
[SourceVersionDate "2019.10.17"]
[SourceQuality "1"]

1. d4 Nf6 2. c4 g6 3. g3 Bg7 4. Bg2 0-0 5. Nc3 d6 6. Nf3 c6 7. 0-0 a6 8. e4 Bg4 9. h3 Bxf3 10. Bxf3 Nfd7 11. Be3 c5 12. d5 b5 13. Be2 b4 14. Na4 Nb6 15. Nxb6 Qxb6 16. Qd2 Re8 17. Rad1 Nd7 18. f4 a5 19. g4 e6 20. dxe6 Rxe6 21. Bf3 Ra7 22. g5 1/2-1/2

[Event "CZE-chT 1819"]
[Site "Czech Republic"]
[Date "2019.04.19"]
[Round "9.6"]
[White "Priehoda, Vitezslav"]
[Black "Kozak, Milos"]
[Result "1-0"]
[WhiteElo "2354"]
[BlackElo "2201"]
[PlyCount "79"]
[EventDate "2018.11.03"]
[EventType "team-tourn"]
[EventRounds "11"]
[EventCountry "CZE"]
[SourceTitle "CBM 190 Extra"]
[Source "ChessBase"]
[SourceDate "2019.07.15"]
[SourceVersion "1"]
[SourceVersionDate "2019.07.15"]
[SourceQuality "1"]
[WhiteTeam "Lysa nad Labem"]
[BlackTeam "Unichess II"]
[WhiteTeamCountry "CZE"]
[BlackTeamCountry "CZE"]

1. d4 Nf6 2. c4 e6 3. Nf3 b6 4. a3 Bb7 5. Nc3 d5 6. Bg5 Be7 7. e3 0-0 8. Rc1 Nbd7 9. cxd5 exd5 10. Be2 c5 11. 0-0 Ne4 12. Bxe7 Qxe7 13. dxc5 Nxc3 14. Rxc3 Nxc5 15. Nd4 Rfc8 16. Bg4 Ne6 17. Qd2 Rxc3 18. Qxc3 g6 19. Nxe6 fxe6 20. Qe5 Kf7 21. Rc1 Rc8 22. Rxc8 Bxc8 23. Qh8 Qf8 24. Qxh7+ Qg7 25. Qxg7+ Kxg7 26. h4 Kf6 27. f4 Ba6 28. Kf2 e5 29. Be2 Bc8 30. g4 exf4 31. exf4 d4 32. Kg3 Be6 33. g5+ Kg7 34. Bd3 Bd5 35. Kf2 Bc6 36. Ke2 Bd5 37. Kd2 Bb3 38. f5 gxf5 39. Bxf5 Bc4 40. h5 1-0

[Event "CZE-chT2B 1819"]
[Site "Czech Republic"]
[Date "2019.03.17"]
[Round "10.2"]
[White "Kozak, Milos"]
[Black "Hrbolka, Ladislav Jr"]
[Result "1/2-1/2"]
[WhiteElo "2201"]
[BlackElo "2206"]
[PlyCount "43"]
[EventDate "2018.10.14"]
[EventType "team-tourn"]
[EventRounds "11"]
[EventCountry "CZE"]
[SourceTitle "EXT 2022"]
[Source "ChessBase"]
[SourceDate "2021.10.06"]
[SourceVersion "1"]
[SourceVersionDate "2021.10.06"]
[SourceQuality "1"]
[WhiteTeam "Litomerice"]
[BlackTeam "Most Chess"]
[WhiteTeamCountry "CZE"]
[BlackTeamCountry "CZE"]

1. d4 Nf6 2. c4 g6 3. g3 Bg7 4. Bg2 0-0 5. Nc3 d6 6. Nf3 Nbd7 7. 0-0 e5 8. e4 a6 9. Qc2 exd4 10. Nxd4 Re8 11. Re1 Rb8 12. a4 a5 13. h3 c6 14. Be3 Qc7 15. Rad1 Nc5 16. Ndb5 cxb5 17. Nxb5 Qe7 18. Nxd6 b6 19. e5 Nfd7 20. Nxe8 Qxe8 21. f4 Nf8 22. b3 1/2-1/2

[Event "CZE-chT2B 1819"]
[Site "Czech Republic"]
[Date "2019.02.24"]
[Round "9.2"]
[White "Kotyk, Vaclav"]
[Black "Kozak, Milos"]
[Result "1/2-1/2"]
[WhiteElo "2172"]
[BlackElo "2201"]
[PlyCount "38"]
[EventDate "2018.10.14"]
[EventType "team-tourn"]
[EventRounds "11"]
[EventCountry "CZE"]
[SourceTitle "EXT 2022"]
[Source "ChessBase"]
[SourceDate "2021.10.06"]
[SourceVersion "1"]
[SourceVersionDate "2021.10.06"]
[SourceQuality "1"]
[WhiteTeam "Kladno"]
[BlackTeam "Litomerice"]
[WhiteTeamCountry "CZE"]
[BlackTeamCountry "CZE"]

1. d4 Nf6 2. c4 e6 3. Nf3 b6 4. g3 Ba6 5. Qa4 Bb7 6. Bg2 c5 7. dxc5 bxc5 8. 0-0 Be7 9. Rd1 0-0 10. Bf4 Qb6 11. Qc2 d6 12. Nc3 Rd8 13. a3 Nbd7 14. Nb5 e5 15. Bg5 Rab8 16. Nc3 Bxf3 17. Na4 Qb3 18. Qxb3 Rxb3 19. Bxf3 Rdb8 1/2-1/2

[Event "CZE-chT2B 1819"]
[Site "Czech Republic"]
[Date "2019.02.10"]
[Round "8.1"]
[White "Rubes, Jan"]
[Black "Kozak, Milos"]
[Result "1-0"]
[WhiteElo "2319"]
[BlackElo "2201"]
[PlyCount "97"]
[EventDate "2018.10.14"]
[EventType "team-tourn"]
[EventRounds "11"]
[EventCountry "CZE"]
[SourceTitle "EXT 2022"]
[Source "ChessBase"]
[SourceDate "2021.10.06"]
[SourceVersion "1"]
[SourceVersionDate "2021.10.06"]
[SourceQuality "1"]
[WhiteTeam "Teplice"]
[BlackTeam "Litomerice"]
[WhiteTeamCountry "CZE"]
[BlackTeamCountry "CZE"]

1. e4 c6 2. d4 d5 3. Nc3 dxe4 4. Nxe4 Bf5 5. Ng3 Bg6 6. Nh3 Nf6 7. Nf4 e5 8. Nxg6 hxg6 9. Bg5 Qxd4 10. Qxd4 exd4 11. 0-0-0 Nbd7 12. Rxd4 Bc5 13. Rd2 0-0-0 14. f3 Ne5 15. Rxd8+ Rxd8 16. Be2 Re8 17. Rd1 Nd5 18. Ne4 Be7 19. Bd2 f5 20. Nc3 Nb6 21. b3 Ba3+ 22. Kb1 Ned7 23. Bf1 Nf6 24. Re1 Rxe1+ 25. Bxe1 Nfd5 26. Nd1 Bc5 27. c4 Ne3 28. Nxe3 Bxe3 29. Bc3 Bh6 30. g4 fxg4 31. fxg4 g5 32. Bd3 Kd8 33. Bd4 Nc8 34. Kc2 b6 35. c5 b5 36. Kc3 Ne7 37. Be4 a5 38. Be5 Kd7 39. Kd4 Ng8 40. Bf5+ Kd8 41. a4 bxa4 42. bxa4 Ne7 43. Be4 Kd7 44. Kc4 g6 45. Bc3 Ke6 46. Bxa5 Ke5 47. Bd8 Bf8 48. Bxe7 Bxe7 49. a5 1-0